00884 2200289 4500001002100000005001700021008004100038020002200079035002400101082001000125090001700135100002300152245014100175250001000316260003600326300002000362500006300382500002500445650002100470700001800491700002500509850000900534985000600543999001500549999001500564999001500579YOGYA-0209000007270420090227093640.0 ind  a978-979-415-913-2 0010-020900000072704 a220.7 a220.7bOrd A aORD, David Roberth aApakah Alkitab benar?bmemahami kebenaran alkitab pada masa kinicDavid Robert Ord,Robert .Coote;diterjemahkan oleh Martin Lukito Sinaga aCet.5 aJakartabBPK Gunung Muliac2007 axi,149hlmc21cm aJudul asli:Is the Bible True?Understanding the Bible Today aBibliografi:hlm[150] aAlkitab-Tafsiran aCoote,Robet B aSinaga,Martin Lukito aBPAD a3 a08P0000249 a08P0000250 a08P0000251